000 00982nam a2200289Ia 4500
999 _c53675
_d53675
001 20722
003 GE_BSU
005 20210311205007.0
008 181216s2005||||xx |||||||||||||| ||eng||
020 _a9780415429658
040 _cGE_BSU
041 _aeng
080 _a327 E-91
245 _aEuropean Union Enlargement :
_bA Comparative History /
_cEdited by Wolfram Kaiser and Jurgen Elvert.
264 _aLondon :
_bRoutledge,
_c2005.
300 _a245 p. ;
_c24 cm.
541 _h120 Gel.
653 _aEuropean Union Enlargement
653 _a A Comparative History
653 _aРасширение Европейского Союза
653 _aсравнительная история
653 _aევროკავშირის გაფართოება
653 _aშედარებითი ისტორია
700 _a Wolfram Kaiser
_eEdited by
_910430
700 _aJurgen Elvert
_eEdited by
_910431
942 _cBK
_2udc